000
00209 a2200097 4500
001
29826
100
_a
Biberman
245
_a
Photo electronic Imaging Devices
260
_a
_b
Plenum
_c
090
_c
19842
_d
19842
942
_a
NUST-CAE
_c
M
_c
10938
999
_c
264899
_d
264899